La Grecia primitiva: edad de bronce y era arcaica

Gespeichert in:
Bibliographische Detailangaben
1. Verfasser: Finley, Moses
Format: Buch
Sprache:Undetermined
Veröffentlicht: Barcelona, España Crítica 1984
Schlagworte:
Tags: Tag hinzufügen
Keine Tags, Fügen Sie den ersten Tag hinzu!

MARC

LEADER 00000nam a2200000Ia 4500
008 170316s9999 xx 000 0 und d
090 |a 880 F-1g 
100 |a Finley, Moses 
245 |a La Grecia primitiva: edad de bronce y era arcaica 
260 |a Barcelona, España 
260 |b Crítica 
260 |c 1984 
300 |a 178 páginas 
650 |a LITERATURA GRIEGA 
999 |c 27264  |d 27264 
040 |a cru BVZT 
942 |c 15 D  |h 880 F-1g  |2 z